|
|
|
|
| LEADER |
01266nam a22003732i 4500 |
| 001 |
001741792 |
| 003 |
CZ BrMZK |
| 005 |
20200408155630.0 |
| 007 |
ta |
| 008 |
200408s1944 xr a er|||||||||||cze d |
| 015 |
|
|
|a cnb002637952
|
| 040 |
|
|
|a ABA001
|b cze
|c BOE303
|e rda
|
| 043 |
|
|
|a e-xr---
|
| 045 |
|
|
|a x3x4
|
| 072 |
|
7 |
|a 75
|x Malířství
|2 Konspekt
|9 21
|
| 080 |
|
|
|a 75(437.3)
|2 MRF
|
| 080 |
|
|
|a (084.11)
|2 MRF
|
| 100 |
1 |
|
|a Žufan, Bořivoj,
|d 1904-1942
|7 xx0022897
|4 art
|
| 245 |
1 |
0 |
|a Bořivoj Žufan :
|b 11. I. 1904 - 3. III. 1942
|
| 264 |
|
1 |
|a [Praha] :
|b Národní práce,
|c 1944
|
| 300 |
|
|
|a 16 obrazových listů :
|b barevné ;
|c 28 x 20 cm nebo menší, na listu 40 x 30 cm +
|e text (1 strana)
|
| 336 |
|
|
|a statický obraz
|b sti
|2 rdacontent
|
| 337 |
|
|
|a bez média
|b n
|2 rdamedia
|
| 338 |
|
|
|a list
|b nb
|2 rdacarrier
|
| 500 |
|
|
|a Reprodukce částečně přilepené na číslovaných kartonových listech
|
| 500 |
|
|
|a Obsahuje seznam kvašů, akvarelů a olejů
|
| 500 |
|
|
|a V pevných deskách
|
| 648 |
|
4 |
|a 1934-1942
|
| 648 |
|
7 |
|a 20. století
|7 ch460558
|2 czenas
|
| 650 |
0 |
7 |
|a české malířství
|7 ph116864
|y 20. století
|2 czenas
|
| 655 |
|
7 |
|a obrazové publikace
|7 fd132947
|2 czenas
|
| 910 |
|
|
|a BOA001
|b 5-0271.610
|
| 990 |
|
|
|a BK
|
| 991 |
|
|
|b 202004
|